<?xml version="1.0" encoding="UTF-8"?>
<record
    xmlns:xsi="http://www.w3.org/2001/XMLSchema-instance"
    xsi:schemaLocation="http://www.loc.gov/MARC21/slim http://www.loc.gov/standards/marcxml/schema/MARC21slim.xsd"
    xmlns="http://www.loc.gov/MARC21/slim">

  <leader>01820nam a22003137a 4500</leader>
  <controlfield tag="001">170</controlfield>
  <controlfield tag="003">OSt</controlfield>
  <controlfield tag="005">20250528074013.0</controlfield>
  <controlfield tag="008">250130b        |||||||g |||| 00| 1 eng d</controlfield>
  <datafield tag="020" ind1=" " ind2=" ">
    <subfield code="a">8571238944</subfield>
  </datafield>
  <datafield tag="040" ind1=" " ind2=" ">
    <subfield code="b">por</subfield>
  </datafield>
  <datafield tag="041" ind1=" " ind2=" ">
    <subfield code="h">eng</subfield>
    <subfield code="a">por</subfield>
  </datafield>
  <datafield tag="082" ind1=" " ind2=" ">
    <subfield code="a">813</subfield>
    <subfield code="b">C771v</subfield>
  </datafield>
  <datafield tag="100" ind1="1" ind2=" ">
    <subfield code="a">Cook, Claire,</subfield>
    <subfield code="d">1955-</subfield>
    <subfield code="9">322</subfield>
  </datafield>
  <datafield tag="240" ind1=" " ind2=" ">
    <subfield code="a">Must love dogs</subfield>
  </datafield>
  <datafield tag="245" ind1=" " ind2=" ">
    <subfield code="a">Voc&#xEA; deve amar os c&#xE3;es / </subfield>
    <subfield code="c">Cook, Claire ; Tradu&#xE7;&#xE3;o de Gabriela Machado</subfield>
  </datafield>
  <datafield tag="260" ind1=" " ind2=" ">
    <subfield code="a">S&#xE3;o Paulo</subfield>
    <subfield code="b">Nova Cultural</subfield>
    <subfield code="c">2004</subfield>
  </datafield>
  <datafield tag="300" ind1=" " ind2=" ">
    <subfield code="a">287 p.</subfield>
  </datafield>
  <datafield tag="520" ind1=" " ind2=" ">
    <subfield code="a">Ap&#xF3;s ser trocada por uma mulher mais jovem, a professora Sarah Hurlihy tenta construir uma nova vida. Seu primeiro passo &#xE9; responder ao an&#xFA;ncio do "homem irremediavelmente rom&#xE2;ntico" que a esperaria num caf&#xE9;, com uma rosa amarela nas m&#xE3;os. O resultado &#xE9; chocante: &#xE0; mesa est&#xE1; a &#xFA;ltima pessoa que ela imaginaria - ou desejaria - encontar.

O passo seguinte &#xE9; permitir que sua irm&#xE3; publique um an&#xFA;ncio pessoal em seu nome descrevendo-a com "voluptosa e sensual". Estava aberto o caminho para um longo cortejo de homens solit&#xE1;rios, estranhos e t&#xE3;o mentirosos - pelo menos na sua auto descri&#xE7;&#xE3;o - quanto ela.



Agora Sarah precisa administrar os bizarros pretendentes que pululam ao seu redor, as intromiss&#xF5;es de sua ador&#xE1;vel fam&#xED;lia irlandesa e sua pr&#xF3;pria e gigantesca ansiedade. Tarefas que ela desempenha com doses generosas de humor e auto-ironia, ao mesmo tempo que descobre, espantada, que h&#xE1; romance, paix&#xE3;o e sexo - n&#xE3;o necessariamente nessa ordem - ap&#xF3;s os quarenta anos.</subfield>
  </datafield>
  <datafield tag="650" ind1=" " ind2="0">
    <subfield code="a">Literatura Americana</subfield>
    <subfield code="9">84</subfield>
  </datafield>
  <datafield tag="650" ind1=" " ind2="0">
    <subfield code="a">Amor e Paix&#xE3;o</subfield>
    <subfield code="9">25</subfield>
  </datafield>
  <datafield tag="650" ind1=" " ind2="0">
    <subfield code="a">Humor</subfield>
    <subfield code="9">60</subfield>
  </datafield>
  <datafield tag="650" ind1=" " ind2="0">
    <subfield code="a">Animais </subfield>
    <subfield code="9">59</subfield>
  </datafield>
  <datafield tag="650" ind1=" " ind2="0">
    <subfield code="a">Grandes Amizades</subfield>
    <subfield code="9">28</subfield>
  </datafield>
  <datafield tag="655" ind1=" " ind2="0">
    <subfield code="a">Romance</subfield>
    <subfield code="9">23</subfield>
  </datafield>
  <datafield tag="655" ind1=" " ind2="0">
    <subfield code="a">Fic&#xE7;&#xE3;o </subfield>
    <subfield code="9">22</subfield>
  </datafield>
  <datafield tag="700" ind1=" " ind2=" ">
    <subfield code="a">Gabriela Machado</subfield>
    <subfield code="e">Tradutor</subfield>
    <subfield code="9">323</subfield>
  </datafield>
  <datafield tag="942" ind1=" " ind2=" ">
    <subfield code="2">ddc</subfield>
    <subfield code="n">0</subfield>
    <subfield code="c">BK</subfield>
  </datafield>
  <datafield tag="952" ind1=" " ind2=" ">
    <subfield code="0">0</subfield>
    <subfield code="1">0</subfield>
    <subfield code="2">ddc</subfield>
    <subfield code="4">0</subfield>
    <subfield code="7">0</subfield>
    <subfield code="8">FIC</subfield>
    <subfield code="a">BIBIB</subfield>
    <subfield code="b">BIBIB</subfield>
    <subfield code="c">LE</subfield>
    <subfield code="d">2016-12-05</subfield>
    <subfield code="e">doa&#xE7;&#xE3;o</subfield>
    <subfield code="l">0</subfield>
    <subfield code="o">813 / C771v</subfield>
    <subfield code="p">2025-15430</subfield>
    <subfield code="r">2025-01-30 08:38:02</subfield>
    <subfield code="w">2025-01-30</subfield>
    <subfield code="y">BK</subfield>
  </datafield>
  <datafield tag="999" ind1=" " ind2=" ">
    <subfield code="c">170</subfield>
    <subfield code="d">170</subfield>
  </datafield>
</record>
